Statistics for States of Brazil by First Two Letters in 20 Seconds

Click here to take the quiz!

General Stats

  • This quiz has been taken 8 times
  • The average score is 11 of 27

Answers on the Map

Answers color-coded by a green-red scale on the quiz's map according to % correct below.
Loading ...
 

Answer Stats

State% Correct
São Paulo
100%
Santa Catarina
100%
Amapá
71%
Amazonas
71%
Bahia
71%
Rio Grande do Sul
71%
Rio Grande do Norte
71%
Rio de Janeiro
71%
Acre
43%
Paraíba
43%
Sergipe
43%
Paraná
43%
Pará
43%
Alagoas
43%
Mato Grosso do Sul
29%
Mato Grosso
29%
Maranhão
29%
Rondônia
29%
Roraima
29%
Tocantins
29%
Piauí
14%
Goiás
14%
Distrito Federal
14%
Minas Gerais
0%
Pernambuco
0%
Espírito Santo
0%
Ceará
0%

Score Distribution

Percentile by Number Answered

Percent of People with Each Score

Your Score History

You have not taken this quiz